Myologie du membre inférieur - Statistiques

Statistiques générales
  • Ce quiz a été pris 706 fois
  • Le résultat moyen est 24 sur 49
Statistiques - réponses
Par images Réponse % Correct
Sartorius
72%
Grand psoas
71%
Grand glutéal
69%
Petit glutéal
69%
Moyen glutéal
65%
Gracile
62%
Grand adducteur
61%
Long adducteur
60%
Soléaire
60%
Droit fémoral
59%
Obturateur interne
59%
Carré fémoral
58%
Iliaque
58%
Piriforme
58%
Vaste intermédiaire
58%
Court adducteur
57%
Obturateur externe
57%
Gastrocnémien latéral
55%
Pectiné
55%
Tibial antérieur
55%
Vaste latéral
54%
Jumeau inférieur
53%
Biceps fémoral
52%
Gastrocnémien médial
52%
Poplité
52%
Jumeau supérieur
51%
Semi tendineux
51%
TFL
49%
Vaste médial
49%
Long fléchisseur des orteils
48%
Long extenseur des orteils
45%
Court fibulaire
42%
Semi membraneux
42%
Petit psoas
41%
Adducteur du I
39%
Long fléchisseur de l'hallux
39%
Long fibulaire
37%
Tibial postérieur
37%
Court fléchisseur des orteils
36%
Abducteur du I
35%
Carré plantaire
35%
Court fléchisseur du I
35%
Court extenseur des orteils
32%
Lombricaux
32%
Tractus ilio-tibial
32%
Abducteur du V
31%
Plantaire (grêle)
29%
3è fibulaire
28%
Muscle articulaire
26%
Aucun quiz correspondant
Distribution des résultats
% des personnes avec chaque résultat
Percentile par nombre de réponses
Votre historique - résultats
Vous n’avez pas pris ce quiz